| 000 | 00573nam a22001817a 4500 | ||
|---|---|---|---|
| 003 | OSt | ||
| 005 | 20140310182148.0 | ||
| 008 | 130830t xxu||||| |||| 00| 0 eng d | ||
| 020 | _a087930202X | ||
| 050 |
_aTS 1118 _b.Ev92 1988 |
||
| 082 |
_aHS 676 _bEv1 1988 |
||
| 245 |
_aModern paper finishing : _bnew equipment and operations techniques / _c planned and edited by John C.W. Evans. |
||
| 260 |
_aCalifornia : _bMiller Freeman publications, Inc, _c1988 |
||
| 300 |
_a176 p. ; _bill. ; _c23 cm. |
||
| 650 |
_aPulp and paper technology _915626 |
||
| 942 | _2lcc | ||
| 999 |
_c9962 _d9962 |
||